000 01383 a2200217 4500
001 37531
005 20260407155642.0
008 260407a1968 arg spa d
003 AR-UNSa-BCEJYS
040 _aAR-UNSa-BCEJYS
_bspa
_cAR-UNSa-BCEJYS
080 _a658.787
_xControl de existencias. Inventarios (Stock)
245 1 0 _aGestión de stocks y organización de almacenes
250 _a3a. ed
264 1 _aBilbao :
_bEdiciones Deusto
_c1968
300 _a230 p.
_c25 cm.
505 _a1. Introducción - 2. La noción de stocks - 3. La clasificación del material - 4. La nomeclatura del almacen - 5. Los articulos en exitencias - 6. Contabilidad de las existencias - 7. El aprovisionamiento y el reaprovisionamiento de las exitencias - 8. El plan de aprovisionamiento - 9. La formula de aprovisionamiento - 10. La exitencia minima - 11. La tasa de rotación de la exitencia - 12. El plan de reaprovisionamiento - 13. Confección de la demanda de compras - 14. La recepción de mercaderias - 15. Del conocimieto de los precios unitarios y del pago de la factura - 16. La salidas de almacen - 17. Distribución - 18. El inventario rotativo - 19. La supervisión de los embalajes consignados - 20. Los articulos que permanecen indefinidamente en exitencia.
942 _cBK
590 _aniveau_biblio:m niveau_hierar:0
100 1 _aLanda, Jesús
700 1 _aLebas, Pierre
999 _c2760
_d2760